[Event "Swedish Elitserien 2021-22"]
[Site "Sodertalje"]
[Date "2022.05.13"]
[Round "7.6"]
[White "Rothen, Hakan"]
[Black "Bjorklund, Thomas"]
[Result "1-0"]
[WhiteElo "2228"]
[BlackElo "2159"]
[Annotator "TA"]
[PlyCount "89"]
[EventDate "2022.05.13"]
[EventType "team-tourn"]
[EventCountry "SWE"]
[SourceTitle "playchess.com"]
[Source "ChessBase"]
[SourceQuality "1"]

{[%evp 9,89,16,15,11,47,12,36,7,15,18,15,14,0,4,0,0,14,8,7,7,7,0,0,-14,0,0,0,0,0,0,0,0,29,17,16,16,5,8,20,5,16,0,29,11,46,33,17,14,70,43,105,105,105,105,105,104,93,48,49,57,143,129,132,136,191,184,204,135,131,111,444,445,434,404,471,482,1549,1455,1178,1078,852,367]} 1. d4 {[%emt 0:00:03]} d5 {[%emt 0:00:09]} 2. Nf3 {[%emt 0:00:22]} Nf6 {[%emt 0:00:16]} 3. e3 {[%emt 0:00:35]} Bf5 {[%emt 0:00:36]} 4. Bd3 {[%emt 0:00:13]} Bg6 {[%emt 0:00:32]} 5. O-O {[%emt 0:00:30]} e6 {[%emt 0:00:39]} 6. c4 {[%emt 0:01:51] D04: Colle System.} Nbd7 {[%emt 0:00:34]} 7. Nc3 {[%emt 0:00:33]} Be7 {[%emt 0:02:03]} 8. Re1 {[%emt 0:00:54] White is slightly better.} O-O {[%emt 0:00:16]} 9. Bxg6 {[%emt 0:04:34]} (9. b3 {keeps more tension.} Bb4 10. Bb2 Bxd3 11. Qxd3 Ne4 12. Rec1) 9... hxg6 {[%emt 0:02:13] [#]} 10. e4 $146 {[%emt 0:06:19]} ({Predecessor:} 10. cxd5 exd5 11. Qb3 Nb6 12. a4 a5 13. Bd2 Bb4 14. Rad1 Nc4 15. Ne5 Nxd2 16. Rxd2 {0-1 (36) Vucko,M (1852)-Mazzini,K (1595) Murska Sobota 2018}) 10... Nxe4 {[%emt 0:01:17]} 11. Nxe4 {[%emt 0:00:07]} dxe4 {[%emt 0:00:03]} 12. Rxe4 {[%emt 0:00:08]} Nf6 {[%emt 0:00:09]} 13. Re3 {[%emt 0:01:31][%cal Be4e3,Be3d3,Bd3d4][%mdl 32]} c5 {[%emt 0:00:27]} 14. Rd3 {[%emt 0:00:35]} cxd4 {[%emt 0:00:50]} 15. Rxd4 {[%emt 0:00:59]} Qb6 {[%emt 0:00:13]} 16. Qe2 {[%emt 0:03:21]} Rad8 {[%emt 0:01:05]} 17. Be3 {[%emt 0:00:46][%cal Od4d7]} Bc5 {[%emt 0:00:32]} 18. Rxd8 {[%emt 0:00:35]} Rxd8 {[%emt 0:00:03]} 19. Bxc5 {[%emt 0:01:24]} Qxc5 {[%emt 0:00:08]} 20. Rd1 {[%emt 0:01:05]} Rd6 {[%emt 0:02:44]} 21. Rxd6 {[%emt 0:00:48]} Qxd6 {[%emt 0:00:02]} 22. Qd2 {[%emt 0:00:18]} Qxd2 {[%emt 0:00:31]} 23. Nxd2 $11 {[%emt 0:00:05][%mdl 4096] Endgame KN-KN} Kf8 {[%emt 0:00:09]} 24. Kf1 {[%emt 0:01:00]} Ke7 {[%emt 0:00:16]} 25. Ke2 {[%emt 0:00:16]} Kd6 {[%emt 0:00:07]} 26. Kd3 {[%emt 0:03:24]} Nd7 {[%emt 0:01:39]} 27. Ne4+ {[%emt 0:01:13]} Ke7 {[%emt 0:00:16]} 28. f4 {[%emt 0:00:54]} b6 {[%emt 0:00:34]} ({Black should try} 28... f5 $11) 29. b4 {[%emt 0:01:46][%cal Bb2b4,Bb4b5][%mdl 32]} f6 {[%emt 0:00:20]} (29... e5 $14) 30. Kd4 $16 {[%emt 0:01:48]} e5+ {[%emt 0:01:41]} 31. fxe5 {[%emt 0:00:26]} Nxe5 {[%emt 0:00:02]} 32. b5 {[%emt 0:01:03] Inhibits Nc6+.} Kd7 {[%emt 0:01:54]} 33. c5 {[%emt 0:03:04]} bxc5+ {[%emt 0:00:07]} 34. Nxc5+ {[%emt 0:01:03]} Kd6 {[%emt 0:00:27]} (34... Kc7 $1 $14) 35. a4 {[%emt 0:01:49][%cal Ba2a4,Ba4a5][%mdl 32]} g5 {[%emt 0:00:57]} 36. a5 {[%emt 0:00:31]} g4 {[%emt 0:01:08] [#]} (36... Ng6 $16 37. Ne4+ (37. b6 axb6 38. axb6 Kc6 $16) 37... Kd7) 37. Ne4+ $1 $18 {[%emt 0:05:24]} Kc7 {[%emt 0:01:08]} 38. Kd5 {[%emt 0:05:57] aiming for Nd6.} Nd3 {[%emt 0:01:08]} 39. g3 {[%emt 0:01:20] Against Nf4+. Hoping for Nc5.} f5 $2 {[%emt 0:03:59][%mdl 8192] [#] Loses the game.} (39... Ne5 $16 40. Nd6 Nf3 41. Ne8+ Kb8 42. Nxg7 Nxh2) 40. Ng5 $1 {[%emt 0:00:53]} g6 {[%emt 0:00:45]} 41. Ne6+ {[%emt 0:01:04]} Kb7 {[%emt 0:00:44]} 42. Nf4 {[%emt 0:03:18] White is clearly winning.} Nb4+ {[%emt 0:03:18]} (42... Ne1 $142 43. Nxg6 Nf3) 43. Kc5 {[%emt 0:01:04]} Nc2 {[%emt 0:00:22]} 44. Nxg6 {[%emt 0:00:31]} Ne3 {[%emt 0:00:09]} 45. Nh4 {[%emt 0:01:21] Weighted Error Value: White=0.08 (flawless) /Black=0.35} (45. Ne7 $142 Nf1 46. a6+ Kb8 47. Nxf5) 1-0

[Event "Swedish Elitserien 2021-22"]
[Site "Sodertalje"]
[Date "2022.05.13"]
[Round "7.7"]
[White "Karle, Max"]
[Black "Thornert, Hakan"]
[Result "0-1"]
[WhiteElo "2064"]
[BlackElo "2184"]
[Annotator "TA"]
[PlyCount "88"]
[EventDate "2022.05.13"]
[EventType "team-tourn"]
[EventCountry "SWE"]
[SourceTitle "playchess.com"]
[Source "ChessBase"]
[SourceQuality "1"]

{[%evp 22,87,-9,-13,-6,-35,-25,-32,-31,-36,-30,-43,-38,-96,-73,-75,-39,-48,-42,-43,-38,-39,-32,-29,-6,-16,0,-7,-17,-1,-3,-13,-6,-20,-5,-14,-17,-29,0,-70,-74,-78,-55,-67,-95,-130,-67,-523,-515,-745,-745,-954,-908,-1233,-1212,-1774,-1721,-1620,-863,-1540,-1471,-1543,-815,-29984,-29985,-29985,-29986,-29999]} 1. d4 {[%emt 0:00:07] Krasenkow,Michal} Nf6 {[%emt 0:00:05]} 2. c4 {[%emt 0:00:17]} g6 {[%emt 0:00:05]} 3. Nc3 {[%emt 0:00:13]} d5 {[%emt 0:00:09]} 4. Nf3 {[%emt 0:02:34]} Bg7 {[%emt 0:00:12]} 5. Bg5 {[%emt 0:03:28]} Ne4 {[%emt 0:01:10]} 6. cxd5 {[%emt 0:05:32]} Nxg5 {[%emt 0:01:04]} 7. Nxg5 {[%emt 0:00:06]} e6 {[%emt 0:00:15]} 8. Nf3 {[%emt 0:00:18]} exd5 {[%emt 0:00:13]} 9. e3 {[%emt 0:00:55]} O-O {[%emt 0:01:00]} 10. Be2 {[%emt 0:04:16]} Re8 {[%emt 0:04:22]} 11. O-O {[%emt 0:00:26]} a5 {[%emt 0:01:29]} 12. Rc1 {[%emt 0:01:27]} c6 {[%emt 0:00:41] D91: Grünfeld: 4 Nf3 Bg7 5 Bg5.} 13. Na4 {[%emt 0:04:22]} Nd7 {[%emt 0:12:29][%cal Bb8d7,Bd7f6,Bf6e4][%mdl 32]} 14. Ne1 {[%emt 0:06:06] [#]} Nf6 $146 {[%emt 0:02:37] Black is slightly better.} ({Predecessor:} 14... Bf8 15. Nd3 Bd6 16. Re1 Nf6 17. Bf3 h5 18. g3 h4 19. Nac5 Kg7 20. a3 Ne4 21. Bxe4 dxe4 {0-1 (38) Boensch,U (2540)-Nyback,T (2554) Germany 2005 CBM 106 [Krasenkow,Michal]}) 15. Qb3 {[%emt 0:03:20]} Ne4 {[%emt 0:00:56]} 16. Rc2 {[%emt 0:01:52] Against Nd2} Bf5 {[%emt 0:08:12]} 17. Nd3 {[%emt 0:03:06]} (17. g4 $15 Bc8 18. Nb6) 17... b5 {[%emt 0:05:23]} 18. Nac5 {[%emt 0:02:55]} a4 {[%emt 0:01:14]} (18... Nxf2 $5 19. Nxf2 (19. Rxf2 Rxe3 20. Qc3 b4 $17) 19... a4 $17) 19. Qb4 {[%emt 0:01:22]} Bf8 {[%emt 0:07:31]} 20. Rcc1 {[%emt 0:02:18]} Qg5 {[%emt 0:02:08]} 21. Bf3 {[%emt 0:13:19]} Qh4 {[%emt 0:03:00]} 22. Qe1 {[%emt 0:20:37]} Bd6 {[%emt 0:03:24][%csl Gd6][%cal Rh4h2] [#]} 23. g3 {[%emt 0:00:22]} Qe7 {[%emt 0:00:30]} 24. Bg2 {[%emt 0:01:45]} h5 {[%emt 0:03:56][%cal Bh7h5,Bh5h4][%mdl 32]} 25. Nxe4 {[%emt 0:04:28]} dxe4 {[%emt 0:01:23]} 26. Nc5 {[%emt 0:04:34]} h4 {[%emt 0:03:22]} 27. h3 {[%emt 0:00:28]} g5 {[%emt 0:17:56]} 28. g4 {[%emt 0:01:25]} Bg6 {[%emt 0:00:07]} 29. Qd2 {[%emt 0:07:12]} Bc7 {[%emt 0:05:43]} 30. f3 {[%emt 0:02:43]} (30. Rfd1 $11) 30... exf3 $15 {[%emt 0:06:06]} ({Much worse is} 30... Qd6 31. f4 $11) 31. Rxf3 {[%emt 0:00:10]} Bd6 {[%emt 0:01:55]} 32. Qf2 {[%emt 0:02:59][%cal Oe3e4]} Rad8 {[%emt 0:01:02][%cal Ba8d8,Bd8d4,Bd4d2,Bd2b2][%mdl 32]} 33. Kh1 {[%emt 0:00:31][%cal Oe3e4]} Bg3 {[%emt 0:01:41]} ({Black should try} 33... Bxc5 $17 34. Rxc5 Rd6) 34. Qe2 $2 {[%emt 0:00:21][%mdl 8192] [#] This move loses the game for White.} (34. Qg1 $15) 34... Rxd4 $3 $19 {[%emt 0:00:27][%mdl 512]} 35. Qf1 {[%emt 0:02:24]} (35. e4 Bf4) 35... Rd2 {[%emt 0:00:32]} 36. e4 {[%emt 0:00:11]} Rxb2 {[%emt 0:01:13]} 37. a3 {[%emt 0:00:08]} Rd8 {[%emt 0:00:59] Threatens to win with ...Rdd2.} 38. Rd3 {[%emt 0:00:43]} Rxd3 {[%emt 0:01:40]} 39. Qxd3 {[%emt 0:00:22]} Bd6 {[%emt 0:00:32] ( -> ...Qe5)} 40. Qc3 {[%emt 0:00:38]} Be5 {[%emt 0:01:28]} 41. Qa5 {[%emt 0:02:41]} Bc7 {[%emt 0:10:40]} 42. Qa8+ {[%emt 0:00:35]} Kh7 {[%emt 0:00:30] Black mates.} 43. Qxc6 {[%emt 0:02:33]} Qe5 {[%emt 0:00:55][%csl Gc7][%cal Re5h2]} 44. Nd3 {[%emt 0:00:20]} Qh2# {Weighted Error Value: White=0.99/Black=0.29 (precise)} 0-1

[Event "Swedish Elitserien 2021-22"]
[Site "Sodertalje"]
[Date "2022.05.13"]
[Round "7.8"]
[White "Rajcevski, Dejan"]
[Black "Nowen, Linus"]
[Result "1-0"]
[WhiteElo "2023"]
[BlackElo "1626"]
[Annotator "TA"]
[PlyCount "91"]
[EventDate "2022.05.13"]
[EventType "team-tourn"]
[EventCountry "SWE"]
[SourceTitle "playchess.com"]
[Source "ChessBase"]
[SourceQuality "1"]

{[%evp 9,91,8,16,13,50,16,16,18,19,18,20,16,21,10,32,28,75,31,114,117,153,15,8,22,23,-101,-114,-88,39,22,41,20,28,0,-10,-19,40,25,39,43,37,22,27,21,83,63,240,253,189,4,17,-149,-148,-795,-793,-806,-805,-782,-795,-778,-290,-266,0,0,0,0,281,220,185,212,710,753,654,634,939,886,958,954,885,886,29985,29984,29980,1314]} 1. d4 {[%emt 0:00:10]} d6 {[%emt 0:00:07]} 2. Bf4 {[%emt 0:00:34]} Nf6 {[%emt 0:01:50]} 3. e3 {[%emt 0:00:20]} e6 {[%emt 0:01:06]} 4. Nf3 {[%emt 0:00:36]} Be7 {[%emt 0:00:14]} 5. h3 {[%emt 0:00:52]} O-O {[%emt 0:00:38]} 6. Bd3 {[%emt 0:01:23] [#] A45: Trompowsky Attack.} a6 $146 {[%emt 0:00:57]} ({Predecessor:} 6... Nbd7 7. Bh2 b6 8. O-O Bb7 9. Qe2 Ne4 10. Nfd2 Ndf6 11. c3 c5 12. a4 d5 13. Rd1 Bd6 14. Bxd6 Qxd6 15. Nxe4 dxe4 16. Ba6 Qc7 {½-½ (38) Grachev,B (2640)-Alekseev,E (2708) Moscow 2008}) 7. a4 {[%emt 0:00:08]} c5 {[%emt 0:02:02]} 8. c3 {[%emt 0:00:33] The position is equal.} b6 {[%emt 0:00:53]} 9. O-O {[%emt 0:00:55]} Bb7 {[%emt 0:00:55]} 10. Nbd2 {[%emt 0:00:19]} Nc6 {[%emt 0:03:31]} 11. Qe2 {[%emt 0:00:55]} Qd7 {[%emt 0:03:30]} 12. Rad1 {[%emt 0:02:58]} Rfc8 {[%emt 0:05:35]} (12... Na5 $11) 13. Rfe1 {[%emt 0:00:54]} h6 {[%emt 0:05:04]} (13... Na5 $14) 14. Nc4 $16 {[%emt 0:02:32]} Nd5 {[%emt 0:10:48]} 15. Bh2 {[%emt 0:01:51] White is more active.} (15. dxc5 $16 bxc5 16. Bc2) 15... b5 $11 {[%emt 0:00:51]} 16. axb5 {[%emt 0:00:59]} axb5 {[%emt 0:00:09]} 17. Na3 {[%emt 0:00:53]} (17. Ncd2 $11) 17... c4 $17 {[%emt 0:03:42]} 18. Bb1 {[%emt 0:01:11] [#]} Na5 {[%emt 0:03:19]} (18... Nxc3 $1 $17 19. bxc3 Rxa3) 19. e4 $14 {[%emt 0:01:51]} Nf6 {[%emt 0:05:28]} 20. e5 $36 {[%emt 0:03:54][%mdl 2048] White has good play.} dxe5 {[%emt 0:10:20]} 21. dxe5 {[%emt 0:09:32]} Nd5 {[%emt 0:00:15]} 22. Nc2 {[%emt 0:02:00]} Rd8 {[%emt 0:06:28]} (22... Nb3 $11) 23. Ne3 {[%emt 0:02:07]} Nb3 {[%emt 0:00:47]} 24. Qc2 {[%emt 0:06:55] Threatening mate with Qh7+.} g6 {[%emt 0:01:06]} 25. Ng4 {[%emt 0:03:26]} Kg7 {[%emt 0:03:01]} 26. h4 {[%emt 0:08:45][%cal Oh4h5]} ({Inferior is} 26. Bf4 Nxf4 $1 27. Rxd7 Rxd7 $19) 26... h5 {[%emt 0:11:28]} (26... Ra1 $11 {keeps the balance.}) 27. Nf6 $1 $16 {[%emt 0:03:46]} Bxf6 {[%emt 0:04:13]} ({Black should play} 27... Qc6 $14) 28. exf6+ $18 {[%emt 0:02:07]} Kxf6 {[%emt 0:00:07][%cal Bg7f6,Bf6e6,Be6d7,Bd7c6][%mdl 32]} 29. Ne5 $2 {[%emt 0:01:39]} (29. Ng5 $18 Qe8 30. Be5+ Ke7 31. Qe2) 29... Qe8 $11 {[%emt 0:00:37]} 30. Nxg6 $2 {[%emt 0:17:12]} fxg6 $17 {[%emt 0:01:28]} 31. Rxe6+ $2 {[%emt 0:01:09][%mdl 8192]} (31. Be5+ $17 Ke7 32. f3) 31... Kxe6 $19 {[%emt 0:05:49]} (31... Qxe6 32. Qxg6+ Ke7 33. Qg7+ Ke8 34. Bg6+) 32. Re1+ {[%emt 0:01:02]} Kd7 {[%emt 0:00:25][%cal Re8e1]} 33. Rxe8 {[%emt 0:00:50]} Rxe8 {[%emt 0:00:08][%cal Re8e1]} 34. Bg3 {[%emt 0:05:30]} Ra1 $2 {[%emt 0:02:14]} (34... Re6 35. Kh2 Ra1) 35. Qxg6 {[%emt 0:00:45] [#] aiming for Qd6+.} Re6 {[%emt 0:01:10] Prevents Qd6+.} ({Better is} 35... Re1+ $1 $19 36. Kh2 Raxb1 37. Qd6+ Ke8 38. Qb8+ Kf7 39. Qxb7+ Kg6) 36. Qh7+ $1 $11 {[%emt 0:02:00]} Ne7 {[%emt 0:01:17]} (36... Kc6 $5 37. Kh2 Nd2 $11) 37. Kh2 {[%emt 0:00:52] Black must now prevent Bf5. Dancing on a razor blade.} Kc6 $2 {[%emt 0:03:37][%mdl 8192]} (37... Rf6 $11 {and Black is okay.} 38. Be4 Nc5 39. Bxb7 Nxb7) 38. Be4+ {[%emt 0:04:12]} Kb6 {[%emt 0:01:04]} 39. Bxb7 {[%emt 0:00:46] This bishop pair is nice.} Ree1 $2 {[%emt 0:01:27]} (39... Kxb7 40. Qxh5 Kb6) 40. Bd6 {[%emt 0:02:55]} Kxb7 {[%emt 0:02:30]} 41. Bxe7 {[%emt 0:00:37]} Kc6 {[%emt 0:03:05]} 42. Qg6+ {[%emt 0:04:42]} Kd7 {[%emt 0:00:38]} 43. Qd6+ {[%emt 0:00:35]} Ke8 {[%emt 0:00:12]} 44. Bg5 {[%emt 0:00:56] Intending Qd8+ and mate.} Nc1 {[%emt 0:02:08]} 45. Qc6+ {[%emt 0:02:30]} Kf8 {[%emt 0:00:09]} 46. Qh6+ {[%emt 0:00:40] Weighted Error Value: White=0.53/Black=0.89} (46. Qf6+ $142 Ke8 47. Qc6+ Kf7 48. Qd7+ Kg6 49. f4 Rh1+ 50. Kxh1 Ne2+ 51. Kh2 Nxf4 52. Bxf4) 1-0

[Event "Swedish Elitserien 2021-22"]
[Site "Sodertalje"]
[Date "2022.05.13"]
[Round "7.9"]
[White "Cramling, Pia"]
[Black "Westerberg, Jonathan"]
[Result "1/2-1/2"]
[WhiteElo "2458"]
[BlackElo "2485"]
[Annotator "TA"]
[PlyCount "84"]
[EventDate "2022.05.13"]
[EventType "team-tourn"]
[EventCountry "SWE"]
[SourceTitle "playchess.com"]
[Source "ChessBase"]
[SourceQuality "1"]

{[%evp 14,84,-4,0,-12,0,0,0,0,0,0,0,0,0,0,0,0,-15,0,0,0,0,0,0,0,0,0,0,0,0,0,0,0,0,0,0,0,0,0,0,0,0,0,0,0,0,0,0,0,0,0,0,0,0,0,0,8,8,8,8,8,0,8,0,0,0,0,0,0,0,0,0,0]} 1. d4 {[%emt 0:00:12]} Nf6 {[%emt 0:03:03]} 2. Nf3 {[%emt 0:00:25]} d5 {[%emt 0:01:18]} 3. c4 {[%emt 0:00:27]} e6 {[%emt 0:00:07]} 4. Nc3 {[%emt 0:00:50]} dxc4 {[%emt 0:00:06]} 5. e3 {[%emt 0:00:40]} a6 {[%emt 0:01:14]} 6. Bxc4 {[%emt 0:00:36]} b5 {[%emt 0:00:07]} 7. Be2 {[%emt 0:00:18]} Bb7 {[%emt 0:01:09]} 8. O-O {[%emt 0:00:14] The position is equal.} Nbd7 {[%emt 0:01:29] D26: Queen's Gambit Accepted: 4 e3 e6 5 Bxc5 c5 sidelines.} 9. b3 {[%emt 0:01:09][%cal Bb2b3,Bb3b4][%mdl 32]} c5 {[%emt 0:03:04]} 10. Bb2 {[%emt 0:00:12]} Be7 {[%emt 0:02:00]} 11. dxc5 {[%emt 0:05:54]} Nxc5 {[%emt 0:00:29]} 12. b4 {[%emt 0:00:43]} Qxd1 {[%emt 0:03:33]} 13. Rfxd1 {[%emt 0:00:29]} Ncd7 {[%emt 0:02:18]} 14. a4 {[%emt 0:12:09]} bxa4 {[%emt 0:00:22] [#]} 15. b5 $146 {[%emt 0:16:06]} (15. Rxa4 {keeps more tension.} O-O 16. b5 axb5 17. Rxa8 Rxa8 18. Bxb5 Nb6 19. Ra1) ({Predecessor:} 15. Rxa4 O-O 16. b5 axb5 17. Bxb5 Bxf3 18. gxf3 Nc5 19. Rxa8 Rxa8 20. Bc4 Ne8 21. Nb5 g5 22. Kg2 Kf8 23. Be5 h6 24. f4 Rd8 25. Rxd8 {½-½ (25) Chmela,Z (1880)-Yuryev,A (1917) LSS email 2014}) 15... a3 {[%emt 0:06:18]} 16. Bxa3 {[%emt 0:00:17] [#] aiming for bxa6.} (16. Bc1 {is interesting.} Bb4 17. bxa6 Bxa6 18. Nb5) 16... axb5 {[%emt 0:01:28]} (16... Bxa3 {is more complex.} 17. Rxa3 axb5 18. Rxa8+ Bxa8 19. Nxb5 Ke7) 17. Bxe7 {[%emt 0:07:02]} Kxe7 {[%emt 0:00:07]} 18. Nxb5 {[%emt 0:00:21]} Rxa1 {[%emt 0:03:51]} 19. Rxa1 {[%emt 0:00:06]} Ra8 {[%emt 0:00:15]} 20. Rxa8 {[%emt 0:00:23]} Bxa8 {[%emt 0:00:04]} 21. Nc3 {[%emt 0:00:38]} Nd5 {[%emt 0:01:26]} 22. Nxd5+ {[%emt 0:00:30]} Bxd5 $11 {[%emt 0:00:05][%mdl 4096] Endgame KBN-KBN} 23. Nd2 {[%emt 0:03:38]} e5 {[%emt 0:01:22]} 24. e4 {[%emt 0:07:06]} Bc6 {[%emt 0:00:48]} 25. f3 {[%emt 0:00:29]} g6 {[%emt 0:01:14]} 26. Bd3 {[%emt 0:02:10]} Nc5 {[%emt 0:00:25]} 27. Bb1 {[%emt 0:00:15]} Bb5 {[%emt 0:01:01]} 28. Kf2 {[%emt 0:01:09]} Bd3 {[%emt 0:02:14]} 29. Bxd3 {[%emt 0:03:07]} Nxd3+ {[%emt 0:00:05] KN-KN} 30. Ke3 {[%emt 0:00:18]} Nc5 {[%emt 0:01:01]} 31. g3 {[%emt 0:01:21][%cal Bg2g3,Bg3f4,Bf4g5][%mdl 32]} Ke6 {[%emt 0:03:31]} 32. f4 {[%emt 0:01:47]} exf4+ {[%emt 0:04:30]} 33. gxf4 {[%emt 0:00:11]} f5 {[%emt 0:02:10]} 34. e5 {[%emt 0:04:41]} g5 {[%emt 0:00:42]} 35. fxg5 {[%emt 0:00:24]} Kxe5 {[%emt 0:00:08]} 36. Nf3+ {[%emt 0:00:33]} Ke6 {[%emt 0:00:16]} 37. Nd4+ {[%emt 0:01:07]} Kf7 {[%emt 0:00:58]} 38. Nxf5 {[%emt 0:01:48]} Kg6 {[%emt 0:00:24][%csl LRf5,LRg5]} 39. Kf4 {[%emt 0:02:25]} Nd3+ {[%emt 0:01:07]} 40. Kg4 {[%emt 0:00:11]} Nf2+ {[%emt 0:00:55]} 41. Kf4 {[%emt 0:00:05]} Nh3+ {[%emt 0:00:25]} 42. Kg4 {[%emt 0:00:06] [#] Intending Nh4+ and mate.} Nf2+ {[%emt 0:00:25] A balanced but interesting game.  Weighted Error Value: White=0.01 (flawless) /Black=0.01 (flawless)} 1/2-1/2

[Event "Swedish Elitserien 2021-22"]
[Site "Sodertalje"]
[Date "2022.05.13"]
[Round "7.10"]
[White "Lokander, Martin"]
[Black "Amin, Bassem"]
[Result "1-0"]
[WhiteElo "2469"]
[BlackElo "2686"]
[Annotator "TA"]
[PlyCount "111"]
[EventDate "2022.05.13"]
[EventType "team-tourn"]
[EventCountry "SWE"]
[SourceTitle "playchess.com"]
[Source "ChessBase"]
[SourceQuality "1"]

{[%evp 21,111,0,0,0,0,0,0,-9,-8,-18,-21,-14,0,0,0,0,0,0,0,0,0,0,0,0,0,0,0,0,108,108,108,108,93,103,101,60,69,60,62,37,43,42,83,77,181,162,171,157,176,0,350,332,609,614,440,232,244,152,141,140,1440,1276,839,691,6621,10116,6546,813,12837,12836,12838,12838,12838,12839,12839,12839,12841,12842,12842,12842,12843,12843,12843,12844,12844,12845,12845,12845,29990,29991,29990,29991]} 1. e4 {[%emt 0:03:30]} e5 {[%emt 0:05:33]} 2. Nf3 {[%emt 0:00:16]} Nc6 {[%emt 0:00:07]} 3. Bb5 {[%emt 0:00:55]} a6 {[%emt 0:00:11]} 4. Ba4 {[%emt 0:00:06]} Nf6 {[%emt 0:00:13]} 5. d4 {[%emt 0:00:29]} exd4 {[%emt 0:01:11]} 6. O-O {[%emt 0:00:14]} Be7 {[%emt 0:01:57]} 7. e5 {[%emt 0:00:39]} Ne4 {[%emt 0:00:10]} 8. Nxd4 {[%emt 0:00:32]} Nc5 {[%emt 0:02:03]} 9. Nf5 {[%emt 0:00:45]} O-O {[%emt 0:00:12]} 10. Qg4 {[%emt 0:00:14]} g6 {[%emt 0:00:24]} 11. Bxc6 {[%emt 0:00:10]} dxc6 {[%emt 0:00:14]} 12. Nxe7+ {[%emt 0:00:05] C84: Closed Ruy Lopez: Unusual White 6th moves.} Qxe7 {[%emt 0:00:05]} 13. Qg3 {[%emt 0:00:05]} Re8 $1 {[%emt 0:07:31]} 14. Re1 {[%emt 0:03:13] The position is equal.} Bf5 {[%emt 0:01:14]} 15. Bg5 {[%emt 0:00:44]} f6 {[%emt 0:22:08] [#]} 16. Bh6 $146 {[%emt 0:00:23]} ({Predecessor:} 16. Bf4 Ne4 17. Qb3+ Qf7 18. Qxb7 fxe5 19. Be3 Rab8 20. Qxc6 Rxb2 21. Na3 Nd6 22. Bc5 {1-0 (40) Yoo,C (2455)-Nasuta,G (2558) Chess.com INT 2020}) 16... Bxc2 {[%emt 0:14:32]} 17. Nd2 {[%emt 0:04:54] Inhibits Ne4. And now Rec1 would win.} Bf5 {[%emt 0:06:10][%cal Rf6e5]} 18. Qc3 {[%emt 0:13:30]} fxe5 {[%emt 0:03:26]} 19. Nf3 {[%emt 0:00:05][%cal Re1e5]} e4 {[%emt 0:04:36]} 20. Nd4 {[%emt 0:00:18]} Rad8 {[%emt 0:09:00]} 21. Nxf5 {[%emt 0:00:14]} gxf5 {[%emt 0:00:02]} 22. Qg3+ {[%emt 0:00:07]} Kh8 {[%emt 0:00:37] Strongly threatening ...Rd3.} 23. Bg5 {[%emt 0:00:05]} Qg7 {[%emt 0:00:21] aiming for ...Rd5.} 24. Bxd8 {[%emt 0:00:22]} Qxg3 {[%emt 0:03:46]} (24... Rxd8 $11 25. Qxg7+ Kxg7) 25. hxg3 $16 {[%emt 0:01:51][%cal Bh2g3,Bg3g4][%mdl 32]} Rxd8 $11 {[%emt 0:00:13][%mdl 4096] Endgame KRR-KRN} 26. g4 $1 {[%emt 0:08:01]} Rd2 {[%emt 0:03:07]} 27. gxf5 {[%emt 0:04:35] Hoping for b4.} Rxb2 {[%emt 0:05:56]} 28. Rad1 {[%emt 0:04:40]} Kg7 {[%emt 0:00:22]} 29. g4 {[%emt 0:00:27][%cal Bg2g4,Bg4g5][%mdl 32]} Rxa2 {[%emt 0:03:55]} 30. g5 {[%emt 0:05:25] Re3 is the strong threat.} Ra3 {[%emt 0:02:40]} 31. f4 {[%emt 0:09:34][%mdl 1024] White has compensation.} Rg3+ {[%emt 0:01:21]} 32. Kh2 {[%emt 0:00:26]} Rf3 {[%emt 0:00:17]} (32... Rg4 $16 {was called for.}) 33. Rf1 $18 {[%emt 0:03:08]} Rd3 {[%emt 0:01:40]} 34. Kg2 $1 {[%emt 0:05:52]} a5 {[%emt 0:01:04]} 35. Rh1 $2 {[%emt 0:01:13]} (35. f6+ $1 $18 Kg8 36. Rxd3 exd3 37. Kf3) 35... Rxd1 $4 {[%emt 0:01:08][%mdl 8192]} (35... Kg8 $1 $11 {and Black has nothing to worry.}) 36. Rxd1 $11 {[%emt 0:00:12] KR-KN} Nd3 $2 {[%emt 0:00:18]} (36... a4 37. f6+ Kf7) 37. f6+ $18 {[%emt 0:00:51]} Kf7 {[%emt 0:00:26]} 38. Rh1 {[%emt 0:01:58]} (38. Kg3 $142 b5 39. Rh1) 38... Nxf4+ {[%emt 0:00:46] [#]} 39. Kg3 $1 {[%emt 0:00:05]} Ne6 {[%emt 0:00:24] [#]} 40. Kg4 {[%emt 0:00:15]} Nf8 {[%emt 0:00:40][%mdl 8192] Black cannot hold the game after this.} (40... Kg8 $16) 41. Kf5 {[%emt 0:00:20][%cal Oh1h7] Threatens to win with Rxh7+!} Kg8 {[%emt 0:04:19]} 42. Re1 {[%emt 0:02:32]} a4 {[%emt 0:02:19]} 43. Rxe4 {[%emt 0:04:49]} b5 {[%emt 0:00:08]} 44. Re7 {[%emt 0:01:16]} a3 {[%emt 0:00:25]} 45. Rg7+ {[%emt 0:00:16]} Kh8 {[%emt 0:00:01]} 46. Rxc7 {[%emt 0:00:13]} b4 {[%emt 0:00:19]} 47. Ra7 {[%emt 0:01:10]} c5 {[%emt 0:09:45]} 48. Ke5 {[%emt 0:04:53]} b3 {[%emt 0:07:22]} 49. Rxa3 {[%emt 0:02:29]} c4 {[%emt 0:00:37]} 50. Ra8 {[%emt 0:08:54][%cal Ra8f8]} Kg8 {[%emt 0:00:05]} 51. Rb8 {[%emt 0:00:40]} Kf7 {[%emt 0:02:05]} 52. Kf5 {[%emt 0:00:20]} (52. Rb7+ Kg6 53. f7 b2 54. Rxb2 Kxf7) 52... Ng6 {[%emt 0:07:26]} 53. Rb7+ {[%emt 0:00:06]} Kg8 {[%emt 0:01:22]} 54. Rb4 {[%emt 0:00:38]} Nh4+ {[%emt 0:00:21]} 55. Ke6 {[%emt 0:00:12][%cal Rb4b8]} h6 {[%emt 0:00:19]} 56. f7+ {[%emt 0:00:12] Weighted Error Value: White=0.14 (very precise) /Black=0.61} 1-0